000 01620nam0a2200337 4500
001 RU\NLR\bibl\1459405
005 20241119224646.0
020 _aRU
_b90-20325
_9Летопись авторефератов диссертаций
021 _aRU
_b2009-15399а
_9616а
035 _a(NLR Aleph) 001451181
090 _a1524153
_c1524153
100 _a20091110d2009 u u0rusy50 ca
101 0 _arus
102 _aRU
105 _aa dm |||||
200 1 _aФормирование механизма обеспечения финансовой безопасности в сфере страхования
_e(на примере автострахования)
_eавтореф. дис. на соиск. учен. степ. канд. экон. наук
_eспециальность 08.00.10 <Финансы, денеж. обращение и кредит>
_fЗабавин Дмитрий Васильевич
_g[Акад. экон. безопасности МВД России]
210 _aМосква
_d2009
215 _a25 с.
_cил.
_d21
320 _aБиблиогр.: с. 25 (4 назв.)
675 _a336
_v3
_zrus
686 _a06.75
_2rugasnti
686 _a65.26
_2rubbk
686 _a08.00.10
_2oksvnk
700 1 _aЗабавин
_bД. В.
_gДмитрий Васильевич
_4070
801 0 _aRU
_bRKP
_c20091110
_gPSBO
801 1 _aRU
_bRKP
_c20091110
801 2 _aRU
_bNLR
_c20100112
_grcr
901 _eАвторефераты
942 _cBOOK
981 1 0 _a(10) Авторефераты